Flags of Empires - Randomized! - Statistics

General Stats
  • This quiz has been taken 45 times
    44 since last reset
  • The average score is 25 of 40
Answer Stats
Picture Answer % Correct
American Empire
95%
German Empire
95%
Italian Empire
95%
British Empire
91%
Japanese Empire
91%
Korean Empire
91%
Mexican Empire
91%
Nazi Germany
91%
Ottoman Empire
91%
Qing Dynasty
91%
Roman Empire
91%
Spanish Empire
91%
Belgian Empire
86%
Dutch Empire
86%
Mongol Empire
86%
Swedish Empire
86%
Austro-Hungarian Empire
82%
Holy Roman Empire
77%
Russian Empire
77%
Byzantine Empire
68%
Macedonian Empire
68%
Polish-Lithuanian Commonwealth
68%
Portuguese Empire
64%
Achaemenid Empire
59%
First French Empire
59%
Mughal Empire
45%
Kalmar Union
41%
Republic of Venice
41%
Abbasid Caliphate
36%
Inca Empire
36%
Papal States
36%
Carthaginian Empire
32%
Mali Empire
32%
Khmer Empire
23%
North Sea Empire
23%
Republic of Genoa
23%
Umayyad Caliphate
23%
Omani Empire
14%
Tsardom of Russia
14%
Bulgarian Empire
9%
No matching quizzes found
Score Distribution
Percent of People with Each Score
Percentile by Number Answered
Your Score History
You have not taken this quiz since the last reset